Catálogo de la Biblioteca Horacio González - Universidad Nacional de General Sarmiento

Novelas completas (Registro nro. 67562)

Detalles MARC
000 -CABECERA
campo de control de longitud fija 01327cam a22003854i 4500
001 - NÚMERO DE CONTROL
campo de control UByD004405
003 - IDENTIFICADOR DEL NÚMERO DE CONTROL
campo de control AR-LpoUNG
005 - FECHA Y HORA DE LA ÚLTIMA TRANSACCIÓN
campo de control 20260605144432.0
006 - CÓDIGOS DE INFORMACIÓN DE LONGITUD FIJA--CARACTERÍSTICAS DEL MATERIAL ADICIONAL
campo de control de longitud fija a gr 000 f
007 - CAMPO FIJO DE DESCRIPCIÓN FÍSICA--INFORMACIÓN GENERAL
campo de control de longitud fija ta
008 - DATOS DE LONGITUD FIJA--INFORMACIÓN GENERAL
campo de control de longitud fija 260520s2019 ag gr 000 f spa d
015 ## - NÚMERO DE BIBLIOGRAFÍA NACIONAL
Número de bibliografía nacional AR-2019
020 ## - NÚMERO INTERNACIONAL ESTÁNDAR DEL LIBRO
Número Internacional Estándar del Libro 9789874159670
040 ## - FUENTE DE LA CATALOGACIÓN
Centro catalogador/agencia de origen AR-LpoUNG
Lengua de catalogación spa
Centro/agencia transcriptor AR-BaBN
Normas de descripción rda
Centro/agencia modificador AR-LpoUNG
041 0# - CÓDIGO DE LENGUA
Código de lengua del texto/banda sonora o título independiente spa
044 ## - CÓDIGO DEL PAÍS DE LA ENTIDAD EDITORA/PRODUCTORA
Código MARC del país ag
Código ISO del país ar-c
080 1# - NÚMERO DE LA CLASIFICACIÓN DECIMAL UNIVERSAL
Número de la Clasificación Decimal Universal 821.134.2(82)-31
Identificador de la edición 2016
082 0# - NÚMERO DE LA CLASIFICACIÓN DECIMAL DEWEY
Número de clasificación A863 28nov
100 1# - ENTRADA PRINCIPAL--NOMBRE DE PERSONA
Nombre de persona Uhart, Hebe
Término indicativo de función/relación autora
Código de función/relación aut
245 10 - MENCIÓN DE TÍTULO
Título Novelas completas
250 ## - MENCIÓN DE EDICIÓN
Mención de edición 1a edición
260 ## - PUBLICACIÓN, DISTRIBUCIÓN, ETC.
Lugar de publicación, distribución, etc. Buenos Aires :
Nombre del editor, distribuidor, etc. Adriana Hidalgo,
Fecha de publicación, distribución, etc. 2019.
300 ## - DESCRIPCIÓN FÍSICA
Extensión 371 páginas
500 ## - NOTA GENERAL
Nota general Incluye el discurso con motivo de la aceptación del Premio Iberoamericano de Narrativa Manuel Rojas.
500 ## - NOTA GENERAL
Nota general Edición al cuidado de Julia Saltzmann.
500 ## - NOTA GENERAL
Nota general En la cubierta: "2a ed.".
504 ## - NOTA DE BIBLIOGRAFÍA, ETC.
Nota de bibliografía, etc. Bibliografía: p. 371.
505 0# - NOTA DE CONTENIDO CON FORMATO
Nota de contenido con formato La elevación de Maruja -- Algunos recuerdos -- Camilo asciende -- Memorias de un pigmeo -- Mudanzas -- Señorita.
650 #4 - PUNTO DE ACCESO ADICIONAL DE MATERIA--TÉRMINO DE MATERIA
Término de materia o nombre geográfico como elemento de entrada Literatura argentina
655 #4 - TÉRMINO DE INDIZACIÓN--GÉNERO/FORMA
Datos o término principal de género/forma Novela
700 1# - PUNTO DE ACCESO ADICIONAL--NOMBRE DE PERSONA
Nombre de persona Saltzmann, Julia
Término indicativo de función/relación editora literaria
Código de función/relación edt
942 ## - ELEMENTOS DE PUNTO DE ACCESO ADICIONAL (KOHA)
Fuente del sistema de clasificación o colocación Dewey Decimal Classification
Tipo de ítem Koha Libro
Existencias
Estado de retiro Estado de pérdida Fuente del sistema de clasificación o colocación Estado dañado No para préstamo Código de colección Localización permanente Ubicación/localización actual Fecha de adquisición Total de préstamos Signatura topográfica completa Código de barras Fecha visto por última vez Precio válido a partir de Tipo de ítem Koha
    Dewey Decimal Classification     Colección General Biblioteca Universidad Nacional de General Sarmiento Biblioteca Universidad Nacional de General Sarmiento 04/03/2026   A863 28nov 00070380 04/03/2026 04/03/2026 Libro
    Dewey Decimal Classification     Precatalogación Biblioteca Universidad Nacional de General Sarmiento Biblioteca Universidad Nacional de General Sarmiento 05/06/2026   A863 28nov 00072137 05/06/2026 05/06/2026 Libro